Najbardziej zaludnione państwa - Statystyki

Ogólne statystyki
  • Ten quiz został rozwiązany 90 razy
  • Średni wynik to 11 z 15
Statystyki odpowiedzi
Kontynent Państwo % Poprawnych
Azja Chiny
97%
Azja Indie
96%
Ameryka Północna Stany Zjednoczone
95%
Ameryka Południowa Brazylia
92%
Azja/Europa Rosja
92%
Azja Japonia
86%
Ameryka Północna Meksyk
80%
Afryka Egipt
74%
Afryka Nigeria
72%
Afryka Demokratyczna Republika Konga
70%
Azja Indonezja
70%
Azja Pakistan
64%
Azja Bangladesz
55%
Afryka Etiopia
46%
Azja Filipiny
38%
Nie znaleziono quizów pasujących do podanych kryteriów
Rozkład punktacji
Procent ludzi z każdym wynikiem
Percentyl według liczby udzielonych odpowiedzi
Twoja historia wyników
Nie rozwiązałeś tego quizu